| 000 | 00597nam a2200205 a 4500 | ||
|---|---|---|---|
| 005 | 20210219152907.0 | ||
| 008 | 991125n 000 0 spa u | ||
| 035 | _aUPN01000065930 | ||
| 100 | 1 | _aVeiga, Chelo | |
| 222 |
_aEDUCACION Y BIBLIOTECA : _bREVISTA MENSUAL DE DOCUMENTACION Y RECURSOS DIDACTICOS |
||
| 245 | _aLa bebeteca de ventanielles : Oviedo | ||
| 260 | _aMadrid, España | ||
| 300 | _a20-21 | ||
| 362 | 0 | _a1996 Año 8, no. 68, may. | |
| 653 | 0 | _aBEBETECAS | |
| 653 | 0 | _aBIBLIOTECAS INFANTILES | |
| 653 | 0 | _aFOMENTO A LA LECTURA | |
| 904 |
_aAC _b003741 |
||
| 905 | _aArticulo | ||
| 999 |
_c63205 _d63205 |
||